000 01487nam a2200169Ia 4500
005 20250718142146.0
008 250718s9999 xx 000 0 und d
020 _a9780571205240
082 _a941.073092
_bWIL
100 _aWilson, Frances
245 4 _aThe Courtesan's Revenge
260 _bFaber & Faber
_c2003
300 _a363 pages
500 _aHarriette Wilson was the most desired and the most dangerous woman in Regency London. This highly acclaimed biography reveals for the first time the true story behind her sensational life and scandalous 'Memoirs'. When her former lovers - including much of the British aristocracy - turned against her, she knew exactly how to take revenge . . . 'A wonderful book. Much more than a biography of one attractive, witty woman, it offers a deft analysis of how Britain dealt with celebrity, sex, power and popular journalism in an age that bears remarkable similarities to our own . . . Frances Wilson is not only a first-rate scholar but also a wonderful storyteller who manages to get inside her namesake's famously creamy skin and tell her story with wit and understanding.' Kathryn Hughes, Mail on Sunday 'Lively and stylish . . . Reveals how dangerous the courtesan who operated at the heart of the political world was thought to be.' Anne Sebba, Spectator 'Harriette's story is deftly and stylishly told. It beats most novels with its rich ingredients.' Frances Spalding, Daily Mail
650 _aCourtesans
942 _cENGLISH
999 _c576339
_d576339